01547cam a22003974i 4500003000900000005001700009008004100026020001500067020001800082035002000100040003300120082001700153100003500170245008000205264005000285300005600335336002100391337002500412338002300437490002400460504003400484505048900518526001001007526001001017526001001027526001001037526000801047526000801055526000801063526000801071526000801079526000801087526000801095650001801103650002801121PE-LiUPU20250731173107.0181210s2018 miua r 001 0 eng d a0825444071 a9780825444074 a(Sirsi) a250973 aPE-LiUPUbspacPE-LiUPUerda04a270bC772231 aCooper, Derek,d1978-,eautor.10aSinners and saints :bthe real story of early Christianity /cDerek Cooper. 1aGrand Rapids, MI :bKregel Academic,c[2018]. a176 páginas :bilustraciones ;c23 centímetros. atext2rdacontent aunmediated2rdamedia avolume2rdacarrier0 aReal church history aÍndice : páginas 175-176. aLiving in the real world daily life -- Leading with a limp flawed leadership -- Marching toward death martyrs and saints -- Going to church faith and practice -- Arguing with pagans and jewa apologetics -- Drawing a family tree theology and ecclesiology -- Reading in the forbidden section the other christian bible -- Serving God and money -- Putting sex on trial gender and religion -- Converting the nations missions and society -- Conclusion the iron and rust age of christianity. aSEG42 aSEG41 aSEG40 aSEG39 aP94 aP87 aP86 aP85 aP77 aP76 aP3504aCristianismo.04aHistoria de la iglesia.